000 00285nam a2200109Ia 4500
001 588879
005 20250717120839.0
008 250717s9999 xx 000 0 und d
245 0 _aY-7 BARBAROS HAYREDDİN
_cHÜSEYİN SERDAR TABAKOĞLU
260 _bERDEM YAYINLARI
_c2018
300 _b158
999 _c588879
_d588879